Top 15 largest Estonian cities - Statistics

General Stats
  • This quiz has been taken 30 times
  • The average score is 7 of 15
Answer Stats
Hint Answer % Correct
430,805 Tallinn
100%
93,715 Tartu
92%
39,375 Parnu
88%
56,103 Narva
83%
9,838 Haapsalu
50%
15,413 Rakvere
50%
34,394 Kohtla-Jarve
46%
13,276 Kuressaare
46%
12,334 Valga
38%
17,525 Viljandi
38%
12,022 Voru
33%
10,398 Johvi
25%
15,189 Maardu
21%
12,989 Sillamae
17%
9,775 Keila
13%
No matching quizzes found
Score Distribution
Percent of People with Each Score
Percentile by Number Answered
Your Score History
You have not taken this quiz